Normal view
MARC view
Entry Término temático
001 - NÚMERO DE CONTROL
- campo de control: 52389
003 - IDENTIFICADOR DEL NÚMERO DE CONTROL
- campo de control: OSt
005 - FECHA Y HORA DE LA ÚLTIMA TRANSACCIÓN
- campo de control: 20260323100955.0
008 - DATOS DE LONGITUD FIJA
- campo de control de longitud fija: 260323|| aca||aabn | a|a d
040 ## - FUENTE DE LA CATALOGACIÓN
- Centro catalogador/agencia de origen: OSt
- Centro/agencia transcriptor: OSt
150 ## - ENCABEZAMIENTO--TÉRMINO DE MATERIA
- Término de materia o nombre geográfico como elemento de entrada: La Cenicienta
670 ## - FUENTE DE DATOS ENCONTRADOS
- Cita de la fuente: Work cat.: (OSt): Grupo Editorial Eurohispano - El Verbo 52387, Cuentos clásicos de siempre :, 2016